| 000 | 00860nam a2200265 i 4500 | ||
|---|---|---|---|
| 001 | bg | ||
| 245 | 0 | 0 |
_aSustainable water management in the Baltic Sea basin. _nBook 1, _pWater in nature / _ceditor Lars-Christer Lundin. |
| 260 |
_aUppsala : _bUppsala University, _c1999. |
||
| 300 |
_a183 s. : _bil. ; _c30 cm. |
||
| 490 | 1 | _aA Baltic University Programme Publication | |
| 504 | _aBibliogr. s. 175-183. | ||
| 650 | 9 |
_aOchrona środowiska _zbałtycki, region |
|
| 650 | 9 |
_aWoda _xgospodarka _zbałtycki, region |
|
| 650 | 9 |
_aWoda _xochrona _zbałtycki, region |
|
| 700 | 1 |
_aLundin, Lars-Christer. _eRed. |
|
| 830 | 0 | _aA Baltic University Programme Publication | |
| 020 | _a9197357901 | ||
| 040 | _cBPK | ||
| 041 | 1 | _aeng | |
| 044 | _aSWE | ||
| 080 | _a502:556 | ||
| 920 | _a91-973579-0-1 | ||
| 942 | _cKS | ||
| 008 | 100824s1999 sv a |000 0 eng | ||
| 999 |
_c50826 _d50826 |
||
| 856 |
_uhttp://koha.tu.koszalin.pl/cgi-bin/koha/opac-detail.pl?biblionumber=50826 _yKatalog online BPK |
||